[Event "chess.com Speed 3m+2spm 2017"]
[Site "chess.com INT"]
[Date "2017.10.04"]
[Round "1.15"]
[White "Guseinov, Gadir"]
[Black "Carlsen, Magnus"]
[Result "1-0"]
[WhiteTitle "GM"]
[BlackTitle "GM"]
[WhiteElo "2645"]
[BlackElo "2832"]
[WhiteFideId "13401378"]
[BlackFideId "1503014"]
[EventDate "2017.05.03"]

1. e4 e6 2. d4 d5 3. Nd2 dxe4 4. Nxe4 b6 5. Nf3 Bb7 6. Bd3 Nd7 7. Qe2 Ngf6 8.
Neg5 Qe7 9. Ne5 Nxe5 10. dxe5 Nd5 11. c4 Nb4 12. Be4 O-O-O 13. O-O Rd7 14. a3
Nc6 15. Qf3 Nd8 16. Bxb7+ Nxb7 17. b4 Kb8 18. c5 Nd8 19. Be3 h6 20. Ne4 Nc6 21.
Qg3 Rd5 22. Nc3 Rd3 23. Rac1 Qd7 24. Rfd1 g5 25. b5 Ne7 26. c6 Qd8 27. Bxb6
Rxd1+ 28. Rxd1 Nd5 29. Nxd5 axb6 30. Qf3 exd5 31. Rxd5 Qe8 32. Qd1 Bc5 33. g3
Qc8 34. a4 Re8 35. a5 Qf5 36. Rd8+ Rxd8 37. Qxd8+ Qc8 38. Qd5 Ka7 39. Qd7 Qxd7
40. cxd7 Be7 41. a6 c6 42. bxc6 Bd8 43. f4 gxf4 44. gxf4 Kxa6 45. f5 Kb5 46. e6
fxe6 47. f6 Kxc6 48. f7 Kxd7 49. f8=Q Bg5 50. Kf1 Kc6 51. Ke2 1-0

[Event "chess.com Speed 3m+2spm 2017"]
[Site "chess.com INT"]
[Date "2017.10.04"]
[Round "1.16"]
[White "Carlsen, Magnus"]
[Black "Guseinov, Gadir"]
[Result "1-0"]
[WhiteTitle "GM"]
[BlackTitle "GM"]
[WhiteElo "2832"]
[BlackElo "2645"]
[WhiteFideId "1503014"]
[BlackFideId "13401378"]
[EventDate "2017.05.03"]

1. e4 c5 2. Nf3 g6 3. d4 cxd4 4. Nxd4 Nc6 5. c4 Nf6 6. Nc3 Nxd4 7. Qxd4 d6 8. f3
Bg7 9. Be3 O-O 10. Qd2 Qa5 11. Rc1 Be6 12. Nd5 Qxa2 13. Nxe7+ Kh8 14. Bd4 Rae8
15. Qc3 Nh5 16. Bxg7+ Nxg7 17. b4 Qa4 18. b5 a5 19. Nd5 Bxd5 20. cxd5 f5 21. Ra1
Qb4 22. Qxb4 axb4 23. Bd3 Nh5 24. Kd2 fxe4 25. Bxe4 Nf6 26. Rhe1 Re5 27. Ra7 Rf7
28. Bd3 Rxe1 29. Kxe1 Nxd5 30. Kd2 Nf4 31. Bf1 Ne6 32. Bc4 d5 33. Bd3 Nc5 34.
Ra8+ Kg7 35. Rd8 Rd7 36. Rc8 b6 37. Rc6 Ra7 38. Bb1 Ra1 39. Kc1 Nd3+ 40. Kc2 b3+
41. Kxd3 Rxb1 42. Kc3 Kf7 43. Rxb6 d4+ 44. Kb4 Ke7 45. Rc6 d3 46. b6 d2 47. b7
d1=Q 48. b8=Q Qd4+ 49. Kb5 Qd3+ 50. Kb6 Qd4+ 51. Kb7 1-0

[Event "chess.com Speed 1m+1spm 2017"]
[Site "chess.com INT"]
[Date "2017.10.04"]
[Round "1.18"]
[White "Carlsen, Magnus"]
[Black "Guseinov, Gadir"]
[Result "1-0"]
[WhiteTitle "GM"]
[BlackTitle "GM"]
[WhiteElo "2832"]
[BlackElo "2645"]
[WhiteFideId "1503014"]
[BlackFideId "13401378"]
[EventDate "2017.05.03"]

1. Nf3 g6 2. g3 Bg7 3. Bg2 d6 4. O-O e5 5. c4 f5 6. Nc3 Nf6 7. d3 O-O 8. b4 Nh5
9. Bg5 Qe8 10. Nd5 Rf7 11. b5 f4 12. h3 fxg3 13. Be3 gxf2+ 14. Rxf2 c6 15. bxc6
bxc6 16. Nc3 Nf4 17. Ne4 Qd8 18. c5 dxc5 19. Nfg5 Rf8 20. Qb3+ Kh8 21. Nf7+ Rxf7
22. Qxf7 Be6 23. Ng5 Qxg5 24. Qe8+ Bg8 25. Bxf4 exf4 26. Rb1 Bd4 27. Kf1 Qg3 28.
Rf3 Qh2 29. e3 fxe3 30. Rf8 e2+ 31. Ke1 Bc3+ 32. Kf2 Bd4+ 33. Kf3 Kg7 34. Qe7+
Kh8 35. Qf7 1-0

[Event "chess.com Speed 1m+1spm 2017"]
[Site "chess.com INT"]
[Date "2017.10.04"]
[Round "1.19"]
[White "Guseinov, Gadir"]
[Black "Carlsen, Magnus"]
[Result "0-1"]
[WhiteTitle "GM"]
[BlackTitle "GM"]
[WhiteElo "2645"]
[BlackElo "2832"]
[WhiteFideId "13401378"]
[BlackFideId "1503014"]
[EventDate "2017.05.03"]

1. e4 c6 2. d4 Na6 3. Nc3 Nc7 4. Nf3 d5 5. Bd3 Bg4 6. O-O e6 7. Be3 Bd6 8. h3
Bh5 9. e5 Be7 10. Be2 Nh6 11. Bxh6 gxh6 12. Ne1 Bg6 13. f4 Qd7 14. Nd3 O-O-O 15.
b4 Bxd3 16. Bxd3 Bxb4 17. Na4 c5 18. Nxc5 Bxc5 19. dxc5 Qc6 20. Qh5 Qxc5+ 21.
Kh1 Rd7 22. Qxh6 Kb8 23. Qg7 Qf8 24. Qf6 h5 25. Rab1 Rg8 26. Qh4 Qg7 27. Rf2 Qg3
28. Qxg3 Rxg3 29. Be2 h4 30. f5 a6 31. Rf4 Re3 32. Bf3 Rxe5 33. fxe6 Nxe6 34.
Rxh4 Rc7 35. Rd1 Rxc2 36. Bxd5 Ka7 37. Rh7 Rc7 38. Bxe6 Rxe6 39. h4 Re2 40. a3
Rcc2 41. Rg1 Rf2 42. Kh2 Rf3 43. Ra1 b5 44. Rg7 Kb6 45. a4 b4 46. a5+ Kb5 47.
Rg5+ Kc4 48. Rg4+ Kc3 49. Ra4 b3 50. Rgc4+ Kb2 51. Rg4 Rf5 0-1

[Event "chess.com Speed 1m+1spm 2017"]
[Site "chess.com INT"]
[Date "2017.10.04"]
[Round "1.20"]
[White "Carlsen, Magnus"]
[Black "Guseinov, Gadir"]
[Result "1-0"]
[WhiteTitle "GM"]
[BlackTitle "GM"]
[WhiteElo "2832"]
[BlackElo "2645"]
[WhiteFideId "1503014"]
[BlackFideId "13401378"]
[EventDate "2017.05.03"]

1. b3 e5 2. Bb2 d6 3. e3 Nd7 4. d4 g6 5. Nf3 Bg7 6. dxe5 dxe5 7. h4 h5 8. Nc3
Ne7 9. Qd2 O-O 10. O-O-O a5 11. a4 c6 12. Ng5 b5 13. axb5 a4 14. Nxa4 Qe8 15.
bxc6 Nxc6 16. Bb5 Ndb8 17. Qd6 Ra7 18. Qxb8 Nxb8 19. Bxe8 Rxe8 20. Ne4 Ba6 21.
Nd6 Rd8 22. Rd2 Nc6 23. Rhd1 Bf6 24. g3 Kg7 25. Nc5 Bc8 26. Nxc8 Rxc8 27. Rd7
Ra5 28. Ne4 Nb4 29. c4 Ra2 30. Kb1 Raa8 31. R1d6 Bd8 32. Bxe5+ Kg8 33. Bc3 Nc6
34. b4 Rab8 35. b5 Ba5 36. Kb2 Nb4 37. Bxb4 Bxb4 38. Rd4 Bf8 39. Kb3 Bg7 40.
R4d5 Ra8 41. Nd6 Rf8 42. c5 Ra1 43. b6 Rb1+ 44. Kc4 Ra8 45. b7 Ra4+ 46. Kd3 Rb3+
47. Ke2 Ra2+ 48. Rd2 1-0

[Event "chess.com Speed 1m+1spm 2017"]
[Site "chess.com INT"]
[Date "2017.10.04"]
[Round "1.21"]
[White "Guseinov, Gadir"]
[Black "Carlsen, Magnus"]
[Result "1/2-1/2"]
[WhiteTitle "GM"]
[BlackTitle "GM"]
[WhiteElo "2645"]
[BlackElo "2832"]
[WhiteFideId "13401378"]
[BlackFideId "1503014"]
[EventDate "2017.05.03"]

1. e4 Nc6 2. Nf3 d6 3. d4 Nf6 4. Bd3 e5 5. c3 g6 6. O-O Bg7 7. Re1 O-O 8. h3 Re8
9. Nbd2 h6 10. Nf1 Bd7 11. Ng3 Qe7 12. Be3 Kh7 13. Qd2 a5 14. Rad1 a4 15. d5 Na5
16. c4 b6 17. Qc3 Nb7 18. b4 axb3 19. axb3 h5 20. b4 Bh6 21. Ng5+ Kg7 22. f4 Nh7
23. h4 Kg8 24. Qc1 exf4 25. Bxf4 Nxg5 26. hxg5 Bg7 27. Nf5 gxf5 28. exf5 Bd4+
29. Kh2 Qf8 30. f6 Bg4 31. Bb1 Bxd1 32. Qxd1 Rxe1 33. Qxh5 Rxb1 34. g6 fxg6 35.
Qxg6+ Kh8 36. Qh5+ Kg8 37. Qg6+ Kh8 38. Qh5+ Kg8 39. Qg6+ 1/2-1/2

[Event "chess.com Speed 1m+1spm 2017"]
[Site "chess.com INT"]
[Date "2017.10.04"]
[Round "1.22"]
[White "Carlsen, Magnus"]
[Black "Guseinov, Gadir"]
[Result "0-1"]
[WhiteTitle "GM"]
[BlackTitle "GM"]
[WhiteElo "2832"]
[BlackElo "2645"]
[WhiteFideId "1503014"]
[BlackFideId "13401378"]
[EventDate "2017.05.03"]

1. e4 c5 2. Nc3 g6 3. h4 h5 4. Bc4 Bg7 5. Nf3 Nc6 6. Ng5 Nh6 7. a3 d6 8. d3 Bg4
9. f3 Bd7 10. Be3 Nd4 11. Qd2 f6 12. Nh3 Nf7 13. Nf4 Ne5 14. Ba2 Bh6 15. Nce2
Nexf3+ 16. gxf3 Nxf3+ 17. Kd1 Nxd2 18. Kxd2 Qa5+ 19. c3 O-O-O 20. Nxg6 Bxe3+ 21.
Kxe3 e6 22. Nxh8 Rxh8 23. Nf4 Qb6 24. Rh2 d5 25. exd5 exd5 26. Nxd5 Qd6 27. Rg2
Bc6 28. c4 Qe5+ 29. Kf3 Re8 30. Rf2 Qe3+ 31. Kg2 Rg8+ 32. Kf1 Qxd3+ 33. Re2 Qf3+
34. Rf2 Qd3+ 35. Re2 Bxd5 36. cxd5 Qf3+ 37. Rf2 Qh1+ 38. Ke2 Qxa1 0-1

[Event "chess.com Speed 1m+1spm 2017"]
[Site "chess.com INT"]
[Date "2017.10.04"]
[Round "1.23"]
[White "Guseinov, Gadir"]
[Black "Carlsen, Magnus"]
[Result "0-1"]
[WhiteTitle "GM"]
[BlackTitle "GM"]
[WhiteElo "2645"]
[BlackElo "2832"]
[WhiteFideId "13401378"]
[BlackFideId "1503014"]
[EventDate "2017.05.03"]

1. e4 g6 2. d4 Bg7 3. Nc3 d6 4. Nf3 a6 5. Be2 b5 6. O-O Nd7 7. Re1 Bb7 8. Bd3 e5
9. d5 Ne7 10. a4 b4 11. Na2 a5 12. c3 bxc3 13. Nxc3 O-O 14. Be3 h6 15. Rc1 f5
16. Nb5 Rc8 17. Qb3 Ba8 18. Bd2 fxe4 19. Bxe4 Nf6 20. Bd3 Bxd5 21. Bc4 c6 22.
Na7 Rb8 23. Qa2 Kh7 24. Bxd5 cxd5 25. Nb5 d4 26. Qe6 Ne8 27. Bxa5 Qxa5 28. Qxe7
Qxa4 29. Nxd6 Nxd6 30. Qxd6 Rbd8 31. Qe6 Rfe8 32. Qg4 Qa5 33. Rc6 e4 34. Qxg6+
Kh8 35. b4 Qa7 36. Nh4 e3 37. Nf5 exf2+ 38. Kxf2 d3+ 39. Kf3 Rxe1 40. Nxh6 Qe3+
41. Kg4 Rd4+ 0-1

[Event "chess.com Speed 1m+1spm 2017"]
[Site "chess.com INT"]
[Date "2017.10.04"]
[Round "1.24"]
[White "Carlsen, Magnus"]
[Black "Guseinov, Gadir"]
[Result "1/2-1/2"]
[WhiteTitle "GM"]
[BlackTitle "GM"]
[WhiteElo "2832"]
[BlackElo "2645"]
[WhiteFideId "1503014"]
[BlackFideId "13401378"]
[EventDate "2017.05.03"]

1. b3 e5 2. Bb2 Nc6 3. e3 d6 4. d4 exd4 5. exd4 Nf6 6. Qd2 Be7 7. Nc3 O-O 8.
O-O-O d5 9. Kb1 a5 10. a4 Nb4 11. f3 Bf5 12. Rc1 c6 13. g4 Bd7 14. h4 b5 15. Nh3
bxa4 16. Nxa4 Rb8 17. Nf4 c5 18. Nxc5 a4 19. c3 Nc6 20. b4 Bxc5 21. dxc5 d4 22.
b5 Na5 23. c4 Nb3 24. Qd3 Nxc5 25. Qxd4 Nb3 26. Qc3 Nxc1 27. Kxc1 Rc8 28. g5 Ne8
29. Ba3 Nc7 30. Bxf8 Qxf8 31. b6 Nb5 32. Qd3 Bf5 33. Qxf5 Qa3+ 34. Kd1 Qa1+ 35.
Kd2 Qc3+ 36. Kd1 Qa1+ 37. Kd2 Qc3+ 38. Kd1 Qa1+ 39. Kd2 1/2-1/2

[Event "chess.com Speed 1m+1spm 2017"]
[Site "chess.com INT"]
[Date "2017.10.04"]
[Round "1.25"]
[White "Guseinov, Gadir"]
[Black "Carlsen, Magnus"]
[Result "1-0"]
[WhiteTitle "GM"]
[BlackTitle "GM"]
[WhiteElo "2645"]
[BlackElo "2832"]
[WhiteFideId "13401378"]
[BlackFideId "1503014"]
[EventDate "2017.05.03"]

1. e4 d5 2. exd5 Qxd5 3. Nc3 Qd6 4. d4 Nf6 5. Nf3 c6 6. h3 Nbd7 7. Bd3 g6 8. O-O
Bg7 9. Re1 O-O 10. Qe2 e6 11. Bg5 b6 12. Rad1 Bb7 13. Ne5 c5 14. dxc5 Qxe5 15.
Qxe5 Nxe5 16. Rxe5 Nd5 17. Ree1 Nxc3 18. bxc3 Bxc3 19. Re3 bxc5 20. Be4 Bxe4 21.
Rxc3 Rac8 22. Bf6 Bd5 23. a3 c4 24. h4 h6 25. Rb1 Rb8 26. Rb4 a5 27. Rxb8 Rxb8
28. f3 Kh7 29. Kf2 Rb1 30. Re3 Rc1 31. Re2 g5 32. hxg5 Kg6 33. Bb2 Rb1 34. Bc3
hxg5 35. Bxa5 Ra1 36. Bb4 f5 37. Ke3 Rd1 38. Rd2 Rg1 39. a4 f4+ 40. Kf2 Rb1 41.
Bc3 Kf5 42. Re2 Rc1 43. a5 Rh1 44. Re5+ Kg6 45. Re1 Rh7 46. Ra1 Ra7 47. Bd4 Ra6
48. Bb6 Kf5 49. Rh1 Ra8 50. c3 e5 51. Rd1 Ke6 52. Ra1 g4 53. Rh1 g3+ 54. Ke2 e4
55. Rh6+ Kf7 56. fxe4 Bxe4 57. Rh4 Bxg2 58. Rxf4+ Ke6 59. Rg4 Bb7 60. Rxg3 Kd5
61. Rg7 Re8+ 62. Kd2 Ba6 63. Ra7 Bc8 64. Rc7 Ba6 65. Rc5+ Kd6 66. Rg5 Kc6 67.
Bd4 Rd8 68. Rg7 Kb5 69. Kc2 Ka4 70. Bb6 Re8 71. Rg2 Bb7 72. Rf2 Be4+ 73. Kd2 Re5
74. Ke3 Bd3+ 75. Kd4 Re8 76. Kc5 Re5+ 77. Kd6 Rh5 78. a6 Kb5 79. a7 Be4 80. Rb2+
Ka6 81. Bd4 Rh6+ 82. Ke5 Bc6 83. Ra2+ Kb5 84. a8=Q Bxa8 85. Rxa8 Rh5+ 86. Kd6
Rh4 87. Kd5 Rh5+ 88. Be5 Rh1 89. Rb8+ Ka6 90. Rb4 1-0

[Event "chess.com Speed 5m+2spm 2017"]
[Site "chess.com INT"]
[Date "2017.10.24"]
[Round "2.1"]
[White "Karjakin, Sergey"]
[Black "Nepomniachtchi, Ian"]
[Result "1-0"]
[WhiteTitle "GM"]
[BlackTitle "GM"]
[WhiteElo "2783"]
[BlackElo "2751"]
[WhiteFideId "14109603"]
[BlackFideId "4168119"]
[EventDate "2017.05.03"]

1. d4 Nf6 2. Nf3 g6 3. Bf4 Bg7 4. e3 O-O 5. Be2 d6 6. O-O c5 7. c3 Nc6 8. Nbd2
b6 9. h3 Bb7 10. a4 Rc8 11. Bh2 Re8 12. Bd3 a6 13. Qe2 cxd4 14. exd4 e5 15. dxe5
dxe5 16. Ne4 Nxe4 17. Bxe4 f5 18. Rfd1 Qe7 19. Bd5+ Kh8 20. Qe3 f4 21. Qxb6 e4
22. Re1 Ne5 23. Qxb7 Nxf3+ 24. gxf3 Qg5+ 25. Kh1 Rb8 26. Rxe4 Red8 27. Bxf4 1-0

[Event "chess.com Speed 5m+2spm 2017"]
[Site "chess.com INT"]
[Date "2017.10.24"]
[Round "2.2"]
[White "Nepomniachtchi, Ian"]
[Black "Karjakin, Sergey"]
[Result "1/2-1/2"]
[WhiteTitle "GM"]
[BlackTitle "GM"]
[WhiteElo "2751"]
[BlackElo "2783"]
[WhiteFideId "4168119"]
[BlackFideId "14109603"]
[EventDate "2017.05.03"]

1. c4 Nf6 2. Nc3 e5 3. Nf3 Nc6 4. g3 d5 5. cxd5 Nxd5 6. Bg2 Nb6 7. O-O Be7 8. a3
O-O 9. b4 Be6 10. Rb1 f6 11. b5 Nd4 12. e3 Nxf3+ 13. Bxf3 Rb8 14. d4 exd4 15.
exd4 Re8 16. Re1 Bf7 17. a4 Bf8 18. Rxe8 Qxe8 19. Bf4 Qd7 20. a5 Nc4 21. b6 axb6
22. axb6 Bd6 23. bxc7 Bxc7 24. Bxc7 Qxc7 25. Nd5 Qd7 26. Nb6 Nxb6 27. Rxb6 Bd5 1/2-1/2

[Event "chess.com Speed 5m+2spm 2017"]
[Site "chess.com INT"]
[Date "2017.10.24"]
[Round "2.3"]
[White "Karjakin, Sergey"]
[Black "Nepomniachtchi, Ian"]
[Result "1-0"]
[WhiteTitle "GM"]
[BlackTitle "GM"]
[WhiteElo "2783"]
[BlackElo "2751"]
[WhiteFideId "14109603"]
[BlackFideId "4168119"]
[EventDate "2017.05.03"]

1. Nf3 c5 2. e3 Nf6 3. d4 g6 4. d5 Bg7 5. Nc3 O-O 6. Be2 d6 7. O-O e6 8. dxe6
Bxe6 9. e4 Nc6 10. Bf4 d5 11. exd5 Nxd5 12. Nxd5 Qxd5 13. Qxd5 Bxd5 14. c3 Rfe8
15. Be3 b6 16. Rfd1 Ne7 17. Kf1 Bc6 18. a4 Nf5 19. Bd2 h6 20. a5 b5 21. g4 Nd6
22. Be3 Nc4 23. Bxc4 bxc4 24. Nd2 Rab8 25. Ra2 Bf8 26. a6 Rb6 27. Ke1 Bb5 28.
Rda1 Bd6 29. Kf1 Kg7 30. Kg1 Re6 31. Ra5 Be7 32. h3 h5 33. Bf4 hxg4 34. hxg4
Bxa6 35. Be3 Bf8 36. g5 Rbc6 37. Nf3 Be7 38. Bf4 Rb6 39. Bc7 Bb7 40. Ne5 Rxb2
41. Rxa7 Bd5 42. Rd1 Be4 43. Nxc4 Re2 44. Be5+ Kh7 45. Rdd7 Re1+ 46. Kh2 Rh1+
47. Kg3 Rg1+ 48. Kf4 Bf5 49. Rxe7 Rg4+ 50. Kf3 Rxe7 51. Rxe7 Rxc4 52. Re8 1-0

[Event "chess.com Speed 5m+2spm 2017"]
[Site "chess.com INT"]
[Date "2017.10.24"]
[Round "2.4"]
[White "Nepomniachtchi, Ian"]
[Black "Karjakin, Sergey"]
[Result "0-1"]
[WhiteTitle "GM"]
[BlackTitle "GM"]
[WhiteElo "2751"]
[BlackElo "2783"]
[WhiteFideId "4168119"]
[BlackFideId "14109603"]
[EventDate "2017.05.03"]

1. e4 e5 2. Nf3 Nc6 3. Bb5 Nf6 4. d3 Bc5 5. Bxc6 dxc6 6. Nbd2 O-O 7. Qe2 Re8 8.
Nc4 Nd7 9. Bg5 f6 10. Bd2 Nf8 11. O-O-O Be6 12. Kb1 a5 13. Rhg1 Qd7 14. h3 b5
15. Ne3 Qf7 16. a3 b4 17. a4 b3 18. c3 Qd7 19. Nc4 Bd6 20. Be3 Bxc4 21. dxc4 c5
22. Kc1 Qxa4 23. Kd2 Qc6 24. Qd3 Ne6 25. Rge1 Rad8 26. Ke2 Bf8 27. Qb1 Qa6 28.
Nd2 a4 29. Kf1 Nd4 30. cxd4 cxd4 31. Bh6 gxh6 32. Qd3 Bb4 33. Kg1 Bxd2 34. Rxd2
Rb8 35. Ra1 Rb4 36. Qg3+ Kh8 37. Qh4 Rxc4 38. Qxh6 Qc6 39. Rd3 f5 40. Qh5 Qg6
41. Qh4 f4 42. Kh2 Rg8 43. g3 Qg5 0-1

[Event "chess.com Speed 5m+2spm 2017"]
[Site "chess.com INT"]
[Date "2017.10.24"]
[Round "2.5"]
[White "Karjakin, Sergey"]
[Black "Nepomniachtchi, Ian"]
[Result "1/2-1/2"]
[WhiteTitle "GM"]
[BlackTitle "GM"]
[WhiteElo "2783"]
[BlackElo "2751"]
[WhiteFideId "14109603"]
[BlackFideId "4168119"]
[EventDate "2017.05.03"]

1. e4 c5 2. Nf3 d6 3. d4 cxd4 4. Nxd4 Nf6 5. Nc3 a6 6. Be3 Ng4 7. Bc1 Nf6 8. Be2
e6 9. a4 b6 10. f4 Bb7 11. Bf3 Qc7 12. O-O Nbd7 13. Qe2 Rc8 14. Be3 h5 15. Bf2
Ng4 16. Bxg4 hxg4 17. Qxg4 Nf6 18. Qe2 Qc4 19. Rfe1 Qxe2 20. Rxe2 Ng4 21. Nf3
Nxf2 22. Kxf2 Rc4 23. Rd1 Rh5 24. Rd4 Rxd4 25. Nxd4 Rxh2 26. f5 Kd7 27. Nf3 Rh1
28. Rd2 Be7 29. Ne5+ Kc7 30. Nxf7 exf5 31. exf5 Bh4+ 32. Ke3 Re1+ 33. Kf4 Bf6
34. Nd5+ Bxd5 35. Rxd5 Bxb2 36. Nxd6 Kc6 37. c4 Ra1 38. Nf7 Rxa4 39. Nd8+ Kc7
40. Ne6+ Kc6 41. Nd8+ Kc7 42. Ne6+ Kb7 43. Rd7+ Kc6 44. Rc7+ Kd6 45. Kg5 a5 46.
g4 Ra1 47. c5+ bxc5 48. Rxc5 a4 49. Ra5 a3 50. Kg6 Rg1 51. g5 Kc6 52. Nxg7 Kb6
53. Ra8 Bxg7 54. Kxg7 Rxg5+ 55. Kf6 Rg3 56. Ke5 Kb5 57. Kf4 Rc3 58. f6 Rc6 59.
Kg5 Rxf6 60. Kxf6 Kb4 61. Ke5 Kb3 62. Kd4 a2 63. Kd3 Kb2 64. Rb8+ Kc1 65. Ra8
Kb2 1/2-1/2

[Event "chess.com Speed 5m+2spm 2017"]
[Site "chess.com INT"]
[Date "2017.10.24"]
[Round "2.6"]
[White "Nepomniachtchi, Ian"]
[Black "Karjakin, Sergey"]
[Result "0-1"]
[WhiteTitle "GM"]
[BlackTitle "GM"]
[WhiteElo "2751"]
[BlackElo "2783"]
[WhiteFideId "4168119"]
[BlackFideId "14109603"]
[EventDate "2017.05.03"]

1. c4 Nf6 2. Nc3 e5 3. g3 Bb4 4. Bg2 O-O 5. Nf3 e4 6. Nd4 Re8 7. O-O Nc6 8. Nc2
Bxc3 9. bxc3 d6 10. Ne3 Be6 11. Rb1 b6 12. d3 Bd7 13. h3 Rb8 14. Kh2 exd3 15.
exd3 Ne7 16. Rb2 Bc6 17. f4 d5 18. Rd2 Qd7 19. Ba3 Rbd8 20. Rff2 d4 21. cxd4
Qxd4 22. Nc2 Qd7 23. Bb2 Bxg2 24. Rxg2 Qc6 25. Nd4 Qc5 26. Qa1 Nf5 27. Nb3 Qc6
28. Nd4 Nxd4 29. Bxd4 Rd7 30. Qc3 Red8 31. Be5 Ne8 32. Qb3 Nd6 33. Bxd6 Rxd6 34.
Rge2 h5 35. Re3 Rd4 36. h4 Rxc4 37. Re7 Qd5 38. Re5 Qd4 39. Rxh5 Rc3 40. Qb5
Rxd3 41. Re2 Rd2 42. Re5 Rxe2+ 43. Rxe2 Qd7 44. Qe5 c5 45. h5 Qc6 46. Qg5 Rd1
47. Kh3 Rh1+ 48. Kg4 Qd7+ 49. Kf3 Qd3+ 50. Kf2 0-1

[Event "chess.com Speed 5m+2spm 2017"]
[Site "chess.com INT"]
[Date "2017.10.24"]
[Round "2.7"]
[White "Karjakin, Sergey"]
[Black "Nepomniachtchi, Ian"]
[Result "1-0"]
[WhiteTitle "GM"]
[BlackTitle "GM"]
[WhiteElo "2783"]
[BlackElo "2751"]
[WhiteFideId "14109603"]
[BlackFideId "4168119"]
[EventDate "2017.05.03"]

1. d4 Nf6 2. Nf3 g6 3. Bf4 Bg7 4. e3 O-O 5. Be2 d6 6. O-O c5 7. c3 Nc6 8. Nbd2
b6 9. h3 Bb7 10. a4 Rc8 11. Bh2 Rc7 12. Bd3 Qa8 13. Qe2 Rd7 14. Rfd1 Re8 15. Bc4
Rdd8 16. Qf1 e6 17. Bb5 a6 18. Be2 d5 19. Bc7 Rc8 20. Bxb6 c4 21. Bc5 Nd7 22.
Bd6 Na5 23. Rdb1 Rc6 24. Bb4 Qd8 25. b3 Nxb3 26. Nxb3 cxb3 27. Rxb3 Qc7 28. Rab1
Rc8 29. Nd2 a5 30. Bxa5 Qxa5 31. Rxb7 Qxc3 32. Bb5 1-0

[Event "chess.com Speed 5m+2spm 2017"]
[Site "chess.com INT"]
[Date "2017.10.24"]
[Round "2.8"]
[White "Nepomniachtchi, Ian"]
[Black "Karjakin, Sergey"]
[Result "0-1"]
[WhiteTitle "GM"]
[BlackTitle "GM"]
[WhiteElo "2751"]
[BlackElo "2783"]
[WhiteFideId "4168119"]
[BlackFideId "14109603"]
[EventDate "2017.05.03"]

1. e4 e5 2. Nf3 Nc6 3. Bc4 Bc5 4. O-O Nf6 5. d3 d6 6. a4 a5 7. h3 h6 8. c3 O-O
9. Na3 Ba7 10. Nb5 Bb6 11. Re1 Ne7 12. d4 exd4 13. Nbxd4 Ng6 14. Bb3 Re8 15. Qc2
c6 16. Bd2 Bc5 17. Bxh6 Bxd4 18. e5 Bxf2+ 19. Kxf2 Nxe5 20. Nxe5 Rxe5 21. Qg6
Qf8 22. Kg1 Be6 23. Qxf6 gxf6 24. Bxf8 Kxf8 25. Bc2 Ke7 26. Kf2 f5 27. Rad1 Rg8
28. g3 Kf6 29. h4 Rxe1 30. Rxe1 f4 31. gxf4 Rg4 32. f5 Bd5 33. Bd1 Rxh4 34. Kg3
Re4 35. Rf1 Re5 36. Bg4 Kg5 0-1

[Event "chess.com Speed 5m+2spm 2017"]
[Site "chess.com INT"]
[Date "2017.10.24"]
[Round "2.9"]
[White "Karjakin, Sergey"]
[Black "Nepomniachtchi, Ian"]
[Result "1-0"]
[WhiteTitle "GM"]
[BlackTitle "GM"]
[WhiteElo "2783"]
[BlackElo "2751"]
[WhiteFideId "14109603"]
[BlackFideId "4168119"]
[EventDate "2017.05.03"]

1. d4 f5 2. g3 Nf6 3. Bg2 g6 4. c4 Bg7 5. Nc3 O-O 6. Nf3 d6 7. O-O Nc6 8. d5 Na5
9. Nd2 c5 10. Qc2 a6 11. b3 b5 12. Bb2 Bd7 13. e3 Rb8 14. Rab1 Qe8 15. Ne2 bxc4
16. bxc4 Ba4 17. Qd3 Bd7 18. Qa3 Nb7 19. Qxa6 Qc8 20. Bc3 Nd8 21. Qxc8 Rxc8 22.
Rb6 Ra8 23. Ra1 Nf7 24. Rb7 Rfd8 25. Nf4 Rdb8 26. Rxb8+ Rxb8 27. a4 Ne8 28. Bxg7
Kxg7 29. a5 Ra8 30. e4 fxe4 31. Nxe4 Ne5 32. Nd2 Nc7 33. Ne6+ Bxe6 34. dxe6 Ra7
35. Bd5 Nd3 36. Ne4 Nb4 37. Nc3 Kf6 38. f4 Nc2 39. Ra2 Nd4 40. Kf2 Nxd5 41. cxd5
Ra6 42. Ke3 Nb3 43. Ne4+ Kg7 44. Ra3 c4 45. Ra4 Nxa5 46. Ke2 Ra7 47. Nc3 Kf6 48.
g4 h6 49. Ke3 Kg7 50. g5 hxg5 51. fxg5 Kf8 52. h4 Kg7 53. Ke2 Kf8 54. Kd1 Kg7
55. Kc2 Kf8 56. Ne2 Nc6 57. dxc6 Rxa4 58. c7 Ra8 59. Nf4 Kg7 60. Nd5 Re8 61. Kc3
Rh8 62. Nxe7 1-0

[Event "chess.com Speed 5m+2spm 2017"]
[Site "chess.com INT"]
[Date "2017.10.24"]
[Round "2.10"]
[White "Nepomniachtchi, Ian"]
[Black "Karjakin, Sergey"]
[Result "0-1"]
[WhiteTitle "GM"]
[BlackTitle "GM"]
[WhiteElo "2751"]
[BlackElo "2783"]
[WhiteFideId "4168119"]
[BlackFideId "14109603"]
[EventDate "2017.05.03"]

1. e4 e5 2. Nf3 Nc6 3. d4 exd4 4. Nxd4 Nf6 5. Nxc6 bxc6 6. e5 Qe7 7. Qe2 Nd5 8.
c4 Nb6 9. Nc3 Ba6 10. b3 O-O-O 11. Bb2 Re8 12. f4 f6 13. O-O-O fxe5 14. Qxe5
Qxe5 15. fxe5 Rxe5 16. Bd3 Re3 17. Rhf1 d5 18. Rf7 Bd6 19. Rxg7 Bxh2 20. Bf5+
Kb8 21. cxd5 Be5 22. Re7 cxd5 23. Nxd5 Bxb2+ 24. Kxb2 Nxd5 0-1

[Event "chess.com Speed 3m+2spm 2017"]
[Site "chess.com INT"]
[Date "2017.10.24"]
[Round "2.12"]
[White "Nepomniachtchi, Ian"]
[Black "Karjakin, Sergey"]
[Result "1/2-1/2"]
[WhiteTitle "GM"]
[BlackTitle "GM"]
[WhiteElo "2751"]
[BlackElo "2783"]
[WhiteFideId "4168119"]
[BlackFideId "14109603"]
[EventDate "2017.05.03"]

1. c4 e5 2. Nc3 Nf6 3. Nf3 Nc6 4. e3 Bb4 5. Qc2 O-O 6. Nd5 Re8 7. Bd3 h6 8. a3
Bf8 9. O-O d6 10. Nxf6+ Qxf6 11. Be4 a5 12. b3 g6 13. Bb2 Bg7 14. Rae1 Qd8 15.
d4 exd4 16. exd4 Bg4 17. Qd3 Qf6 18. Rd1 Qf4 19. Rfe1 Re7 20. h3 Bxf3 21. Bxf3
Rae8 22. Rxe7 Rxe7 23. g3 Qf6 24. Kg2 h5 25. h4 Re8 26. Bc3 Ra8 27. Bd5 Ne7 28.
Bxb7 Rb8 29. Qe4 d5 30. Bxd5 c6 31. Re1 cxd5 32. Qxe7 Qxe7 33. Rxe7 Rxb3 34.
Bxa5 Rxa3 35. Bc7 dxc4 36. d5 Rd3 37. d6 Bf8 38. Re8 c3 39. Rc8 c2 40. Bd8 Rxd6
41. Bg5 Re6 42. Bh6 Kh7 43. Bxf8 Re8 1/2-1/2